| 000 | 00761nas a2200253 4500 | ||
|---|---|---|---|
| 001 | BR0703798 | ||
| 003 | BR-BrBNA | ||
| 005 | 20231205110920.0 | ||
| 007 | ta | ||
| 008 | 230509b bl.|||p| |||| 00| 00por d | ||
| 040 |
_aBR-BrBNA _bpor _cBiblioteca Nacional de Agricultura |
||
| 041 | _a(Pt) | ||
| 072 | _aK10; F06 | ||
| 100 | 1 | _aSabonaro, D.Z. | |
| 100 | 1 | _aGalbiatti, J.A. | |
| 245 | 1 | _aEfeito de níveis de irrigação em substratos para a produção de mudas de ipê-roxo | |
| 650 | _aIPE ROXO | ||
| 650 | _aIRRIGAÇÃO | ||
| 650 | _aMUDA | ||
| 650 | _aSUBSTRATO DE CULTURA | ||
| 773 | 0 |
_tScientia Forestalis (Brazil) _xISSN 1413-9324 _g(Jun 2007), no. 74 p. 95-102 _wBR0703798 |
|
| 909 |
_a202311 _bLúcia _c55 _dLúcia Elande |
||
| 942 |
_2AGRIS _n0 _cANA |
||
| 999 |
_c189748 _d189748 |
||